LEADER 01294nam0 22002533i 450 001 VAN00107433 005 20240806100733.940 100 $a20170126d2000 |0itac50 ba 101 $aita 102 $aIT 105 $a|||| ||||| 200 1 $aQuadro Comunitario di Sostegno per le regioni italiane dell'Obiettivo 1 2000-2006$edecisione della commissione C (2000) 2050 dell'01.08.2000, C$fUnione Europea, Ministero dell'economia e delle finanze, DPS, Dipartimento per le politiche di sviluppo 210 $aRoma$cIstituto poligrafico e zecca dello stato$d2000 215 $a246 p.$d30 cm. 606 $aComunità economica europea$xFinanziamenti$3VANC032883$2AR 620 $dRoma$3VANL000360 710 02$aUnione europea$3VANV005884$0361259 712 $a*Istituto poligrafico e Zecca dello Stato $3VANV108205$4650 801 $aIT$bSOL$c20260320$gRICA 899 $aBIBLIOTECA DEL DIPARTIMENTO DI ARCHITETTURA E DISEGNO INDUSTRIALE$1IT-CE0107$2VAN01 912 $aVAN00107433 950 $aBIBLIOTECA DEL DIPARTIMENTO DI ARCHITETTURA E DISEGNO INDUSTRIALE$d01PREST FONDO EMAN106 $e01 52601 20170126 996 $aQuadro Comunitario di Sostegno per le regioni italiane dell'Obiettivo 1 2000-2006$91412591 997 $aUNICAMPANIA